| 000 | 00580nam a22001697a 4500 | ||
|---|---|---|---|
| 003 | NUST | ||
| 038 | _aNusrat Nadeem | ||
| 082 | _a200 | ||
| 100 |
_aWaqar, Mehreen _9120357 |
||
| 245 |
_aSpatiotemporal fusion for improved water prediction: A hybrid model for the Burnett river Australia/ _cMehreen Waqar, |
||
| 264 |
_aIslamabad, _bSEECS NUST, _c2023. |
||
| 300 |
_aill: _b97,p: _c30,cm. |
||
| 650 |
_aMS- Information Technology _926924 |
||
| 700 |
_aSupervisor: Dr Safdar Abbas Khan _997418 |
||
| 856 | _uhttp://10.250.8.41:8080/xmlui/handle/123456789/41295 | ||
| 942 |
_2ddc _cSC |
||
| 999 |
_c607695 _d607695 |
||